<?xml version="1.0" encoding="UTF-8"?>
<collection xmlns:xsi="http://www.w3.org/2001/XMLSchema-instance" xsi:schemaLocation="http://www.loc.gov/MARC21/slim http://www.loc.gov/standards/marcxml/schema/MARC21slim.xsd" xmlns="http://www.loc.gov/MARC21/slim">
 <record>
  <leader>00000cmm a22000004a 4500</leader>
  <controlfield tag="001">UP-99796217613012634</controlfield>
  <controlfield tag="003">Buklod</controlfield>
  <controlfield tag="005">20190520152602.0</controlfield>
  <controlfield tag="006">m    go  j        </controlfield>
  <controlfield tag="007">ta</controlfield>
  <controlfield tag="008">190520s1917    xx     d        u        </controlfield>
  <datafield tag="035" ind1=" " ind2=" ">
   <subfield code="a">(iLib)UPD-00404364258</subfield>
  </datafield>
  <datafield tag="037" ind1=" " ind2=" ">
   <subfield code="a">Libtech/IG</subfield>
   <subfield code="c">2,446.08</subfield>
  </datafield>
  <datafield tag="040" ind1=" " ind2=" ">
   <subfield code="a">DMLF</subfield>
   <subfield code="e">rda</subfield>
  </datafield>
  <datafield tag="041" ind1=" " ind2=" ">
   <subfield code="a">eng</subfield>
  </datafield>
  <datafield tag="100" ind1="1" ind2=" ">
   <subfield code="a">Craig, Austin</subfield>
   <subfield code="d">1872- , ed.</subfield>
  </datafield>
  <datafield tag="245" ind1="1" ind2="4">
   <subfield code="a">The former Philippines thru foreign eyes</subfield>
   <subfield code="h">[online resource]</subfield>
   <subfield code="c">Austin Craig.</subfield>
  </datafield>
  <datafield tag="264" ind1=" " ind2="1">
   <subfield code="a">Manila</subfield>
   <subfield code="b">D. Appleton</subfield>
   <subfield code="c">1917.</subfield>
  </datafield>
  <datafield tag="264" ind1=" " ind2="1">
   <subfield code="a">[Singapore</subfield>
   <subfield code="b">IGLibrary ; Heritage Books of Asia]</subfield>
  </datafield>
  <datafield tag="300" ind1=" " ind2=" ">
   <subfield code="a">1 online resource (565 pages)</subfield>
  </datafield>
  <datafield tag="500" ind1=" " ind2=" ">
   <subfield code="a">[Originally published in the Philippines in 1916]</subfield>
  </datafield>
  <datafield tag="505" ind1="0" ind2=" ">
   <subfield code="a">Feodor Jagor's Travels in the Philippines (The out-of-print 1875 English translation corrected from the original German text) -- The state of the Philippines in 1810 / by Tomas de Comyn (William Walton's 1821 translation modernized) -- Manila and Sulu in 1842 / by Com. Chas. Wilkes (Narrative of U.S. Exploring Expedition 1836-42, vol.5) -- Manila in 1819 (From the &quot;History of a voyage to the China sea&quot;) -- The peopling of the Philippines / by Doctor Rudolf Virchow (O. T. Mason's translation: Smithsonian Institution 1899 report) -- People and prospects of the Philippines / by an English merchant, 1778, and a consul, 1878 (From Blackwood's and the Cornhill magazine) -- Filipino merchants of the early 1890s / by F. Karuth.</subfield>
  </datafield>
  <datafield tag="650" ind1=" " ind2="0">
   <subfield code="a">Electronic books.</subfield>
  </datafield>
  <datafield tag="651" ind1=" " ind2="0">
   <subfield code="a">Philippines.</subfield>
  </datafield>
  <datafield tag="700" ind1="1" ind2=" ">
   <subfield code="a">Jagor, Fedor</subfield>
   <subfield code="e">author.</subfield>
  </datafield>
  <datafield tag="700" ind1="1" ind2=" ">
   <subfield code="a">De Comyn, Tomas</subfield>
   <subfield code="e">author.</subfield>
  </datafield>
  <datafield tag="700" ind1="1" ind2=" ">
   <subfield code="a">Wilkes, Charles</subfield>
   <subfield code="d">1798-1877</subfield>
   <subfield code="e">author.</subfield>
  </datafield>
  <datafield tag="700" ind1="1" ind2=" ">
   <subfield code="a">Virchow, Rudolf Ludwig Karl</subfield>
   <subfield code="d">1821-1902</subfield>
   <subfield code="e">author.</subfield>
  </datafield>
  <datafield tag="710" ind1="2" ind2=" ">
   <subfield code="a">IGLibrary (online resource).</subfield>
  </datafield>
  <datafield tag="856" ind1="4" ind2="0">
   <subfield code="a">Available for University of the Philippines System via iGLibrary. Click here for Access</subfield>
   <subfield code="u">http://portal.igpublish.com/iglibrary/search/ALCP00515360.html</subfield>
  </datafield>
  <datafield tag="856" ind1="4" ind2="0">
   <subfield code="a">Remote Access via ezproxy</subfield>
   <subfield code="u">http://portal.igpublish.com.ezproxy.upd.edu.ph/iglibrary/search/ALCP00515360.html</subfield>
   <subfield code="z">(viewed 18 May 2019)</subfield>
  </datafield>
  <datafield tag="905" ind1=" " ind2=" ">
   <subfield code="a">FI</subfield>
  </datafield>
  <datafield tag="852" ind1="0" ind2=" ">
   <subfield code="a">UPD</subfield>
   <subfield code="b">DMLF</subfield>
  </datafield>
  <datafield tag="942" ind1=" " ind2=" ">
   <subfield code="a">Electronic Resource</subfield>
  </datafield>
 </record>
</collection>
